[Event "WCO 2016"]
[Site "?"]
[Date "2016.09.13"]
[Round "11"]
[Board "7"]
[WhiteID "8200211"]
[White "Sanches Casanova Romario"]
[BlackID "9000720"]
[Black "Aithmidou Mohamed-Mehdi"]
[Result "0-1"]
[BlackElo "2229"]
[WhiteElo "2082"]
[LiveChessVersion "1.4.8"]

1. e4 {[%clk 1:30:57]} e6 {[%clk 1:28:28]} 2. d3 {[%clk 1:30:58]} d5
{[%clk 1:28:19]} 3. Nd2 {[%clk 1:31:25]} Nf6 {[%clk 1:22:35]} 4. Ngf3
{[%clk 1:23:16]} Bc5 {[%clk 1:20:52]} 5. e5 {[%clk 1:16:25]} Nfd7
{[%clk 1:19:41]} 6. g3 {[%clk 1:15:34]} f6 {[%clk 1:18:40]} 7. d4
{[%clk 1:03:06]} Bb6 {[%clk 1:15:32]} 8. Nb3 {[%clk 0:54:57]} c5 {[%clk 1:14:48]}
9. exf6 {[%clk 0:53:23]} Qxf6 {[%clk 1:15:03]} 10. Bg5 {[%clk 0:53:08]} Qf7
{[%clk 1:08:44]} 11. Qe2 {[%clk 0:46:11]} O-O {[%clk 1:06:22]} 12. Bf4
{[%clk 0:41:51]} cxd4 {[%clk 0:57:54]} 13. O-O-O {[%clk 0:37:11]} e5
{[%clk 0:38:34]} 14. Nxe5 {[%clk 0:33:18]} Nxe5 {[%clk 0:38:48]} 15. Bxe5
{[%clk 0:33:41]} d3 {[%clk 0:30:59]} 16. Qxd3 {[%clk 0:25:12]} Bf5
{[%clk 0:30:18]} 17. Qd2 {[%clk 0:19:25]} Be4 {[%clk 0:27:44]} 18. f3
{[%clk 0:19:34]} Qxf3 {[%clk 0:27:11]} 19. Be2 {[%clk 0:16:33]} Qf2
{[%clk 0:21:33]} 20. Nd4 {[%clk 0:06:19]} Bxh1 {[%clk 0:18:04]} 21. Qg5
{[%clk 0:01:47]} Rf7 {[%clk 0:17:30]} 22. Rf1 {[%clk 0:01:18]} h6
{[%clk 0:17:40]} 23. Qg4 {[%clk 0:01:07]} Qe3+ {[%clk 0:18:03]} 24. Kd1
{[%clk 0:00:56]} Rxf1+ {[%clk 0:18:01]} 25. Bxf1 {[%clk 0:01:08]} Qxe5
{[%clk 0:18:15]} 26. Nf5 {[%clk 0:00:55]} Kh8 {[%clk 0:16:18]} 27. Bd3
{[%clk 0:00:44]} Be4 {[%clk 0:15:00]} 28. Nxh6 {[%clk 0:00:36]} gxh6
{[%clk 0:10:54]} 29. Qc8+ {[%clk 0:00:55]} Kg7 {[%clk 0:11:10]} 30. Qxb7+
{[%clk 0:00:52]} Qc7 {[%clk 0:10:53]} 31. Qxa8 {[%clk 0:00:46]} Bf3+
{[%clk 0:11:13]} 32. Kd2 {[%clk 0:00:39]} Be3+ {[%clk 0:11:42]} 33. Kxe3
{[%clk 0:00:47]} Bg2 {[%clk 0:09:31]} 34. Kf2 {[%clk 0:00:41]} Bh1
{[%clk 0:09:34]} 35. Kg1 {[%clk 0:00:35]} Bf3 {[%clk 0:09:29]} 36. Kf2
{[%clk 0:00:56]} Bg4 {[%clk 0:06:39]} 37. Qxd5 {[%clk 0:01:02]} Qb6+
{[%clk 0:06:56]} 38. Kg2 {[%clk 0:00:46]} Qc6 {[%clk 0:07:10]} 39. Qxc6
{[%clk 0:00:57]} Nxc6 {[%clk 0:07:39]} 40. a3 {[%clk 0:30:48]} Kf6
{[%clk 0:37:40]} 41. Kf2 {[%clk 0:28:01]} Ke5 {[%clk 0:37:50]} 42. Ke3
{[%clk 0:26:52]} Ne7 {[%clk 0:35:07]} 43. b4 {[%clk 0:24:50]} Nd5+
{[%clk 0:35:24]} 44. Kd2 {[%clk 0:24:07]} Kd4 {[%clk 0:35:18]} 45. Bg6
{[%clk 0:22:04]} Nc3 {[%clk 0:35:09]} 46. Bd3 {[%clk 0:20:18]} Nb1+
{[%clk 0:35:03]} 47. Kc1 {[%clk 0:17:35]} Nxa3 {[%clk 0:35:24]} 48. Kb2
{[%clk 0:17:58]} Nc4+ {[%clk 0:35:46]} 49. Kb3 {[%clk 0:17:43]} Be6
{[%clk 0:33:16]} 50. Bh7 {[%clk 0:14:03]} Nb6+ {[%clk 0:33:23]} 51. Ka3
{[%clk 0:13:09]} Kc3 {[%clk 0:32:53]} 52. Be4 {[%clk 0:08:09]} a6
{[%clk 0:28:37]} 53. Bc6 {[%clk 0:06:16]} Kxc2 {[%clk 0:28:26]} 54. h4
{[%clk 0:05:22]} Bb3 {[%clk 0:28:22]} 55. b5 {[%clk 0:03:59]} a5 {[%clk 0:28:43]}
56. Be4+ {[%clk 0:04:16]} Kc3 {[%clk 0:29:04]} 57. Bd3 {[%clk 0:04:35]} a4
{[%clk 0:28:36]} 58. Be2 {[%clk 0:04:12]} Nd5 {[%clk 0:28:38]} 59. b6
{[%clk 0:02:14]} Nb4 {[%clk 0:27:58]} 60. Bd1 {[%clk 0:00:38]} Bxd1
{[%clk 0:28:19]} 61. b7 {[%clk 0:00:39]} Bb3 0-1

[Event "WCO 2016"]
[Site "?"]
[Date "2016.09.13"]
[Round "11"]
[Board "8"]
[WhiteID "9000623"]
[White "Hifad Rachid"]
[BlackID "8200173"]
[Black "Hanoeman Suradj"]
[Result "1-0"]
[BlackElo "2012"]
[WhiteElo "2175"]
[LiveChessVersion "1.4.8"]

1. e4 {[%clk 1:30:57]} c5 {[%clk 1:29:56]} 2. Nc3 {[%clk 1:31:13]} Nc6
{[%clk 1:23:57]} 3. f4 {[%clk 1:31:42]} g6 {[%clk 1:23:40]} 4. Nf3
{[%clk 1:32:10]} Bg7 {[%clk 1:23:51]} 5. Bc4 {[%clk 1:32:38]} d6 {[%clk 1:23:11]}
6. d3 {[%clk 1:32:58]} e6 {[%clk 1:23:24]} 7. O-O {[%clk 1:32:21]} Nge7
{[%clk 1:23:48]} 8. Qe1 {[%clk 1:23:44]} O-O {[%clk 1:23:33]} 9. Qh4
{[%clk 1:24:12]} Nd4 {[%clk 1:16:32]} 10. f5 Ndxf5 {[%clk 0:59:53]} 11. exf5
{[%clk 1:23:59]} Nxf5 {[%clk 1:00:20]} 12. Qf2 {[%clk 1:19:46]} b6
{[%clk 0:59:50]} 13. Ne2 {[%clk 1:19:32]} d5 {[%clk 0:57:31]} 14. Bb3
{[%clk 1:19:58]} Ba6 {[%clk 0:57:17]} 15. Rd1 {[%clk 1:16:46]} Qc8
{[%clk 0:54:32]} 16. c3 {[%clk 1:14:55]} c4 {[%clk 0:53:10]} 17. dxc4
{[%clk 1:15:17]} Bxc4 {[%clk 0:53:38]} 18. Ng3 {[%clk 1:10:41]} Nd6
{[%clk 0:52:52]} 19. Bf4 {[%clk 1:11:08]} Nb7 {[%clk 0:48:21]} 20. Bc2
{[%clk 1:10:34]} Nc5 {[%clk 0:46:27]} 21. Qe3 {[%clk 1:09:00]} f5
{[%clk 0:37:36]} 22. Ne5 {[%clk 1:04:22]} Ne4 {[%clk 0:35:23]} 23. Nxe4
{[%clk 0:58:47]} fxe4 {[%clk 0:34:51]} 24. Nxc4 {[%clk 0:58:16]} Qxc4
{[%clk 0:35:16]} 25. Qg3 {[%clk 0:58:32]} Rf5 {[%clk 0:34:21]} 26. Bb3
{[%clk 0:58:51]} Qc5+ {[%clk 0:32:47]} 27. Be3 {[%clk 0:59:17]} Qc6
{[%clk 0:32:58]} 28. Rf1 {[%clk 0:59:17]} Raf8 {[%clk 0:32:53]} 29. Rxf5
{[%clk 0:59:36]} Rxf5 {[%clk 0:31:56]} 30. Qb8+ {[%clk 0:58:51]} Rf8
{[%clk 0:30:53]} 31. Qxa7 {[%clk 0:59:15]} Qb5 {[%clk 0:26:57]} 32. Re1
{[%clk 0:55:03]} d4 {[%clk 0:22:37]} 33. cxd4 {[%clk 0:53:17]} Qb4
{[%clk 0:17:25]} 34. Rf1 {[%clk 0:53:05]} Bh6 {[%clk 0:13:59]} 35. Bxe6+
{[%clk 0:53:13]} Kh8 {[%clk 0:14:25]} 36. Rxf8+ {[%clk 0:53:05]} Bxf8
{[%clk 0:14:52]} 37. Kf2 {[%clk 0:51:41]} Qxb2+ {[%clk 0:14:33]} 38. Kg3
{[%clk 0:48:49]} Qc3 {[%clk 0:13:14]} 39. Kf4 {[%clk 0:47:59]} Bh6+
{[%clk 0:11:06]} 40. Kg4 {[%clk 1:18:22]} Bf8 {[%clk 0:40:29]} 41. Qb8
{[%clk 1:15:31]} h5+ {[%clk 0:40:26]} 42. Kf4 {[%clk 1:15:53]} Qa3
{[%clk 0:39:07]} 43. Kxe4 {[%clk 1:16:02]} 1-0

[Event "WCO 2016"]
[Site "?"]
[Date "2016.09.13"]
[Round "11"]
[Board "5"]
[WhiteID "5700329"]
[White "Mok Tze-Meng"]
[BlackID "2260409"]
[Black "Aloma Vidal Robert"]
[Result "0-1"]
[BlackElo "2482"]
[WhiteElo "2373"]
[LiveChessVersion "1.4.8"]

1. e4 {[%clk 1:30:56]} d5 {[%clk 1:30:50]} 2. exd5 {[%clk 1:31:22]} Qxd5
{[%clk 1:31:15]} 3. Nf3 {[%clk 1:31:47]} Bg4 {[%clk 1:27:59]} 4. Be2
{[%clk 1:32:11]} c6 {[%clk 1:27:09]} 5. O-O {[%clk 1:32:31]} Nf6 {[%clk 1:27:26]}
6. h3 {[%clk 1:32:08]} Bxf3 {[%clk 1:26:12]} 7. Bxf3 {[%clk 1:32:32]} Qf5
{[%clk 1:26:32]} 8. d4 {[%clk 1:32:36]} Nbd7 {[%clk 1:26:43]} 9. c4
{[%clk 1:32:56]} g5 {[%clk 1:13:21]} 10. Nc3 {[%clk 1:27:42]} h5 {[%clk 1:12:09]}
11. Re1 {[%clk 1:24:59]} O-O-O {[%clk 0:49:41]} 12. Qa4 {[%clk 1:23:23]} Kb8
{[%clk 0:41:27]} 13. c5 {[%clk 1:01:03]} e5 {[%clk 0:34:29]} 14. Bxc6
{[%clk 0:48:02]} exd4 {[%clk 0:19:53]} 15. Qb5 {[%clk 0:41:45]} Nxc5
{[%clk 0:19:14]} 16. Bxb7 {[%clk 0:38:35]} Qd3 {[%clk 0:19:07]} 17. Bf3+
{[%clk 0:33:07]} Qxb5 {[%clk 0:19:20]} 18. Nxb5 {[%clk 0:33:33]} Bh6
{[%clk 0:16:00]} 19. Re5 {[%clk 0:25:05]} Nfd7 {[%clk 0:08:27]} 20. Rd5
{[%clk 0:21:32]} Nd3 {[%clk 0:05:23]} 21. Bxg5 {[%clk 0:18:56]} Bxg5
{[%clk 0:05:27]} 22. Rxg5 {[%clk 0:19:10]} N7e5 {[%clk 0:05:37]} 23. Be4
{[%clk 0:15:47]} a6 {[%clk 0:05:32]} 24. Rd1 {[%clk 0:12:59]} f6 {[%clk 0:05:44]}
25. Rg7 {[%clk 0:10:59]} Nc5 {[%clk 0:06:05]} 26. Nxd4 {[%clk 0:09:13]} Nxe4
{[%clk 0:06:30]} 27. f4 {[%clk 0:09:38]} Rd7 {[%clk 0:05:57]} 28. Nc6+
{[%clk 0:07:50]} Kc7 {[%clk 0:06:22]} 29. Rdxd7+ {[%clk 0:07:25]} Nxd7
{[%clk 0:06:46]} 30. Nd4 {[%clk 0:07:05]} h4 {[%clk 0:05:43]} 31. Rg4
{[%clk 0:05:01]} Ng3 {[%clk 0:05:17]} 32. b4 {[%clk 0:03:21]} Kd6
{[%clk 0:05:15]} 33. a3 {[%clk 0:03:07]} Kd5 {[%clk 0:05:26]} 34. f5
{[%clk 0:02:36]} Ne5 {[%clk 0:05:34]} 0-1

[Event "WCO 2016"]
[Site "?"]
[Date "2016.09.13"]
[Round "11"]
[Board "6"]
[WhiteID "6900224"]
[White "De La Riva Aguado Oscar"]
[BlackID "5700795"]
[Black "Ng Tze Han"]
[Result "1-0"]
[BlackElo "2190"]
[WhiteElo "2503"]
[LiveChessVersion "1.4.8"]

1. e4 {[%clk 1:30:54]} e5 {[%clk 1:30:51]} 2. Nc3 {[%clk 1:30:35]} Nc6
{[%clk 1:30:31]} 3. Nf3 {[%clk 1:30:09]} Nf6 {[%clk 1:30:26]} 4. g3
{[%clk 1:30:12]} Bc5 {[%clk 1:29:11]} 5. Bg2 {[%clk 1:30:20]} d6 {[%clk 1:29:20]}
6. d3 {[%clk 1:30:13]} Nd4 {[%clk 1:28:06]} 7. h3 {[%clk 1:24:43]} c6
{[%clk 1:20:15]} 8. O-O {[%clk 1:21:07]} Nxf3+ {[%clk 1:14:43]} 9. Qxf3
{[%clk 1:21:22]} Be6 {[%clk 1:12:42]} 10. Na4 {[%clk 1:09:27]} Bb4
{[%clk 1:11:33]} 11. Be3 {[%clk 1:07:18]} b5 {[%clk 0:59:28]} 12. Nc3
{[%clk 1:06:36]} Bxc3 {[%clk 0:56:24]} 13. bxc3 {[%clk 1:06:56]} Qa5
{[%clk 0:56:37]} 14. Bd2 {[%clk 1:00:42]} Qa4 {[%clk 0:41:39]} 15. Qd1
{[%clk 0:57:49]} Nd7 {[%clk 0:41:35]} 16. f4 {[%clk 0:55:18]} f6 {[%clk 0:41:27]}
17. a3 {[%clk 0:55:30]} Rd8 {[%clk 0:31:19]} 18. Kh2 {[%clk 0:47:49]} Bf7
{[%clk 0:26:28]} 19. g4 {[%clk 0:44:07]} O-O {[%clk 0:23:03]} 20. f5
{[%clk 0:44:19]} d5 {[%clk 0:22:48]} 21. Re1 {[%clk 0:44:01]} Kh8
{[%clk 0:16:18]} 22. h4 {[%clk 0:40:49]} Nc5 {[%clk 0:14:59]} 23. Be3
{[%clk 0:39:36]} Nb7 {[%clk 0:15:00]} 24. g5 {[%clk 0:23:50]} Nd6
{[%clk 0:10:41]} 25. Bc5 {[%clk 0:19:38]} Rfe8 {[%clk 0:08:57]} 26. Qc1
{[%clk 0:15:00]} Nxf5 {[%clk 0:06:03]} 27. exf5 {[%clk 0:12:41]} Qxh4+
{[%clk 0:06:28]} 28. Kg1 {[%clk 0:13:05]} fxg5 {[%clk 0:05:36]} 29. a4
{[%clk 0:09:14]} bxa4 {[%clk 0:04:24]} 30. Qa3 {[%clk 0:09:38]} e4
{[%clk 0:02:20]} 31. Qxa4 {[%clk 0:09:04]} Qg4 {[%clk 0:01:12]} 32. Qxa7
{[%clk 0:08:22]} exd3 {[%clk 0:00:39]} 33. Qxf7 {[%clk 0:07:45]} Re2
{[%clk 0:01:01]} 34. Rxe2 {[%clk 0:07:54]} 1-0

[Event "WCO 2016"]
[Site "?"]
[Date "2016.09.13"]
[Round "11"]
[Board "7"]
[WhiteID "5700086"]
[White "Abdullah Mohd Kamal"]
[BlackID "6900348"]
[Black "Fernandez Lopez Joan"]
[Result "1-0"]
[BlackElo "2142"]
[WhiteElo "2100"]
[LiveChessVersion "1.4.8"]

1. e4 {[%clk 1:30:58]} c5 {[%clk 1:30:47]} 2. Nf3 {[%clk 1:31:18]} Nc6
{[%clk 1:30:52]} 3. d4 {[%clk 1:31:42]} cxd4 {[%clk 1:30:37]} 4. Nxd4
{[%clk 1:32:05]} g6 {[%clk 1:29:45]} 5. c4 {[%clk 1:31:40]} Bg7 {[%clk 1:29:51]}
6. Be3 {[%clk 1:31:59]} Nf6 {[%clk 1:29:49]} 7. Nc3 {[%clk 1:32:23]} d6
{[%clk 1:29:20]} 8. Be2 {[%clk 1:32:22]} O-O {[%clk 1:25:51]} 9. O-O
{[%clk 1:28:47]} Bd7 {[%clk 1:22:24]} 10. Nc2 {[%clk 1:26:36]} Rc8
{[%clk 1:08:48]} 11. f3 {[%clk 1:23:46]} Ne5 {[%clk 1:00:38]} 12. b3
{[%clk 1:15:03]} Nc6 {[%clk 0:59:30]} 13. Qd2 {[%clk 1:11:34]} Qa5
{[%clk 0:55:47]} 14. b4 {[%clk 0:52:58]} Qd8 {[%clk 0:45:39]} 15. Rac1
{[%clk 0:43:46]} Ne5 {[%clk 0:40:58]} 16. Na3 {[%clk 0:41:45]} a5
{[%clk 0:37:15]} 17. Nd5 {[%clk 0:37:43]} Nxd5 {[%clk 0:26:38]} 18. cxd5
{[%clk 0:32:24]} Ra8 {[%clk 0:26:23]} 19. b5 {[%clk 0:28:34]} f5 {[%clk 0:25:44]}
20. f4 {[%clk 0:25:09]} Nf7 {[%clk 0:24:41]} 21. exf5 {[%clk 0:23:35]} Bxf5
{[%clk 0:25:09]} 22. b6 {[%clk 0:23:20]} e5 {[%clk 0:09:09]} 23. dxe6
{[%clk 0:20:22]} Bxe6 {[%clk 0:09:38]} 24. Rc7 {[%clk 0:18:37]} Rb8
{[%clk 0:09:44]} 25. Nb5 {[%clk 0:14:44]} d5 {[%clk 0:10:08]} 26. Nd4
{[%clk 0:14:18]} Bd7 {[%clk 0:10:25]} 27. Qxa5 {[%clk 0:13:26]} Bc6
{[%clk 0:10:53]} 28. Bg4 {[%clk 0:11:51]} Re8 {[%clk 0:10:31]} 29. Ne6
{[%clk 0:08:52]} Qh4 {[%clk 0:10:59]} 30. Bh3 {[%clk 0:08:20]} Bh8
{[%clk 0:10:10]} 31. Bf2 {[%clk 0:07:10]} Qh5 {[%clk 0:09:21]} 32. Qd2
{[%clk 0:05:55]} Nd6 {[%clk 0:09:23]} 33. Bd4 {[%clk 0:04:57]} Ne4
{[%clk 0:04:27]} 34. Qb2 {[%clk 0:05:03]} 1-0

[Event "WCO 2016"]
[Site "?"]
[Date "2016.09.13"]
[Round "11"]
[Board "8"]
[WhiteID "6900020"]
[White "Garcia Paolicchi Raul"]
[BlackID "5700019"]
[Black "Liew Chee-Meng Jimmy"]
[Result "1/2-1/2"]
[BlackElo "2202"]
[WhiteElo "2153"]
[LiveChessVersion "1.4.8"]

1. d4 {[%clk 1:30:57]} Nf6 {[%clk 1:30:55]} 2. Nf3 {[%clk 1:31:05]} d5
{[%clk 1:31:13]} 3. c4 {[%clk 1:31:21]} c6 {[%clk 1:31:30]} 4. e3
{[%clk 1:31:34]} a6 {[%clk 1:31:27]} 5. Qc2 {[%clk 1:31:21]} e6 {[%clk 1:29:33]}
6. b3 {[%clk 1:29:16]} Bb4+ {[%clk 1:26:28]} 7. Nbd2 {[%clk 1:29:35]} O-O
{[%clk 1:26:44]} 8. Bd3 {[%clk 1:29:24]} dxc4 {[%clk 1:25:08]} 9. bxc4
{[%clk 1:28:42]} c5 {[%clk 1:18:40]} 10. O-O {[%clk 1:25:28]} cxd4
{[%clk 1:18:43]} 11. exd4 {[%clk 1:25:47]} Nc6 {[%clk 1:18:49]} 12. Bb2
{[%clk 1:24:47]} Be7 {[%clk 1:18:18]} 13. a3 {[%clk 1:21:18]} Bd7
{[%clk 1:16:03]} 14. Rac1 {[%clk 1:15:51]} Rc8 {[%clk 1:15:40]} 15. Qb1
{[%clk 1:15:38]} Na5 {[%clk 1:08:16]} 16. Ne5 {[%clk 1:13:09]} Be8
{[%clk 1:06:34]} 17. Rfd1 {[%clk 0:57:57]} b5 {[%clk 0:58:35]} 18. c5
{[%clk 0:51:16]} g6 {[%clk 0:57:50]} 19. Ba1 {[%clk 0:44:31]} Nd5
{[%clk 0:54:56]} 20. Ne4 {[%clk 0:44:19]} f6 {[%clk 0:52:47]} 21. Nf3
{[%clk 0:44:19]} Nf4 {[%clk 0:49:54]} 22. Bf1 {[%clk 0:43:24]} Bc6
{[%clk 0:43:48]} 23. Re1 {[%clk 0:41:05]} Nc4 {[%clk 0:29:50]} 24. Ned2
{[%clk 0:34:10]} Qd5 {[%clk 0:19:58]} 25. Qe4 {[%clk 0:18:51]} Qxe4 26. Nxe4
{[%clk 0:19:14]} Nxa3 {[%clk 0:09:31]} 27. g3 {[%clk 0:17:07]} Nd5
{[%clk 0:06:45]} 28. Ned2 {[%clk 0:16:42]} Kf7 {[%clk 0:05:12]} 29. Bb2
{[%clk 0:14:57]} Nc4 {[%clk 0:04:59]} 30. Nxc4 {[%clk 0:14:34]} bxc4
{[%clk 0:05:24]} 31. Bxc4 {[%clk 0:14:46]} Rb8 {[%clk 0:04:49]} 32. Ba1
{[%clk 0:14:40]} a5 {[%clk 0:04:04]} 33. Nd2 {[%clk 0:13:08]} Rfe8
{[%clk 0:03:49]} 34. Rb1 {[%clk 0:11:50]} Rb4 {[%clk 0:03:12]} 35. Rxb4
{[%clk 0:11:08]} axb4 {[%clk 0:03:31]} 36. Bb2 {[%clk 0:10:45]} Ra8
{[%clk 0:02:55]} 37. Kf1 {[%clk 0:09:07]} Nc7 {[%clk 0:01:11]} 38. Ke2
{[%clk 0:06:57]} Rd8 {[%clk 0:01:15]} 39. Ra1 {[%clk 0:05:08]} Ra8
{[%clk 0:00:58]} 40. Rxa8 {[%clk 0:35:26]} Bxa8 {[%clk 0:31:22]} 41. Kd3
{[%clk 0:35:07]} Bc6 {[%clk 0:25:44]} 42. Kc2 {[%clk 0:32:46]} Ba4+
{[%clk 0:26:00]} 43. Bb3 {[%clk 0:31:51]} Bb5 {[%clk 0:25:31]} 44. Bc4
{[%clk 0:31:57]} Ba4+ {[%clk 0:25:57]} 45. Bb3 {[%clk 0:32:23]} Bb5
{[%clk 0:26:10]} 46. Bc4 {[%clk 0:32:46]} 1/2-1/2

[Event "WCO 2016"]
[Site "?"]
[Date "2016.09.13"]
[Round "11"]
[Board "9"]
[WhiteID "7700156"]
[White "Harper Ryan"]
[BlackID "11300370"]
[Black "Mosenya Ndawana"]
[Result "1-0"]
[BlackElo "2003"]
[WhiteElo "2215"]
[LiveChessVersion "1.4.8"]

1. e4 {[%clk 1:30:58]} c5 {[%clk 1:30:50]} 2. Nf3 {[%clk 1:30:03]} Nc6
{[%clk 1:31:12]} 3. d4 {[%clk 1:30:27]} cxd4 {[%clk 1:31:31]} 4. Nxd4
{[%clk 1:30:53]} Nf6 {[%clk 1:31:53]} 5. Nc3 {[%clk 1:31:17]} e5 {[%clk 1:32:17]}
6. Ndb5 {[%clk 1:31:39]} d6 {[%clk 1:32:33]} 7. Bg5 {[%clk 1:31:14]} a6
{[%clk 1:32:55]} 8. Na3 {[%clk 1:31:18]} b5 {[%clk 1:33:19]} 9. Nd5
{[%clk 1:30:22]} Be7 {[%clk 1:33:37]} 10. Bxf6 {[%clk 1:30:42]} Bxf6
{[%clk 1:34:00]} 11. c4 {[%clk 1:30:52]} Qa5+ {[%clk 1:24:11]} 12. Qd2
{[%clk 1:26:09]} Qxd2+ {[%clk 1:17:28]} 13. Kxd2 {[%clk 1:26:33]} Bg5+
{[%clk 1:17:46]} 14. Kd1 {[%clk 1:26:58]} O-O {[%clk 1:17:26]} 15. h4
{[%clk 1:25:58]} Bd8 {[%clk 1:14:06]} 16. cxb5 {[%clk 1:26:25]} Nd4
{[%clk 1:13:37]} 17. Bc4 {[%clk 1:07:33]} Kh8 {[%clk 1:07:19]} 18. bxa6
{[%clk 1:05:15]} f5 {[%clk 1:06:51]} 19. exf5 {[%clk 1:02:48]} Nxf5
{[%clk 1:06:47]} 20. Nc2 {[%clk 0:48:12]} Nxh4 {[%clk 1:03:55]} 21. g3
{[%clk 0:44:22]} Nf5 {[%clk 1:03:15]} 22. b4 {[%clk 0:42:05]} Bxa6
{[%clk 1:02:44]} 23. Bxa6 {[%clk 0:42:14]} Rxa6 {[%clk 1:03:08]} 24. a4
{[%clk 0:42:37]} Ne7 {[%clk 1:03:06]} 25. Nxe7 {[%clk 0:34:59]} Bxe7
{[%clk 1:03:25]} 26. Ke2 {[%clk 0:33:46]} Rfa8 {[%clk 1:03:25]} 27. Ne3
{[%clk 0:23:30]} Rxa4 {[%clk 0:52:36]} 28. Rxa4 {[%clk 0:23:49]} Rxa4
{[%clk 0:52:55]} 29. Nd5 {[%clk 0:24:13]} Ra2+ {[%clk 0:49:25]} 30. Kf3
{[%clk 0:24:14]} Bg5 {[%clk 0:48:39]} 31. b5 {[%clk 0:11:49]} Rb2
{[%clk 0:48:26]} 32. b6 {[%clk 0:11:19]} h6 {[%clk 0:48:23]} 33. Ra1
{[%clk 0:11:23]} Kh7 {[%clk 0:48:03]} 34. Ke4 {[%clk 0:10:38]} Bd8
{[%clk 0:45:33]} 35. Ra6 {[%clk 0:10:49]} Kg6 {[%clk 0:41:24]} 36. f3
{[%clk 0:10:06]} Kf7 {[%clk 0:35:43]} 37. Ra7+ {[%clk 0:09:50]} Ke6
{[%clk 0:30:19]} 38. Rxg7 {[%clk 0:10:11]} Bxb6 {[%clk 0:29:58]} 39. Re7#
{[%clk 0:10:36]} 1-0

[Event "WCO 2016"]
[Site "?"]
[Date "2016.09.13"]
[Round "11"]
[Board "10"]
[WhiteID "11302550"]
[White "Mosutha Thuso"]
[BlackID "7700512"]
[Black "Cupid Kevin"]
[Result "0-1"]
[BlackElo "2166"]
[WhiteElo "1930"]
[LiveChessVersion "1.4.8"]

1. e4 {[%clk 1:30:25]} c6 {[%clk 1:30:59]} 2. d4 {[%clk 1:30:27]} d5
{[%clk 1:31:28]} 3. e5 {[%clk 1:30:27]} Bf5 {[%clk 1:31:31]} 4. Nc3
{[%clk 1:30:51]} e6 {[%clk 1:31:59]} 5. g4 {[%clk 1:31:11]} Bg6 {[%clk 1:32:28]}
6. Nge2 {[%clk 1:31:34]} c5 {[%clk 1:32:45]} 7. Be3 {[%clk 1:30:49]} cxd4
{[%clk 1:21:47]} 8. Bxd4 {[%clk 1:30:59]} Nc6 {[%clk 1:19:16]} 9. h4
{[%clk 1:31:25]} h5 {[%clk 1:17:48]} 10. Nf4 {[%clk 1:31:39]} Bxc2
{[%clk 1:17:51]} 11. Qxc2 {[%clk 1:32:05]} Nxd4 {[%clk 1:18:13]} 12. Qa4+
{[%clk 1:32:18]} Nc6 {[%clk 1:18:42]} 13. O-O-O {[%clk 1:31:12]} Qb6
{[%clk 1:18:13]} 14. gxh5 {[%clk 1:30:13]} O-O-O {[%clk 1:16:54]} 15. Bh3
{[%clk 1:30:34]} Kb8 {[%clk 1:14:04]} 16. Kb1 {[%clk 1:29:39]} Nge7
{[%clk 1:11:20]} 17. Rhe1 {[%clk 1:27:57]} d4 {[%clk 1:10:53]} 18. Ne4
{[%clk 1:23:32]} Nd5 {[%clk 1:11:09]} 19. Nxd5 {[%clk 1:22:29]} Rxd5
{[%clk 1:11:37]} 20. Ng5 {[%clk 1:22:22]} Ra5 {[%clk 1:11:12]} 21. Qc4
{[%clk 1:20:31]} Rc5 {[%clk 1:04:52]} 22. Qa4 {[%clk 1:20:36]} Be7
{[%clk 0:29:29]} 23. Nxf7 {[%clk 1:17:34]} Rxh5 {[%clk 0:27:51]} 24. Bxe6
{[%clk 1:17:23]} Rxh4 {[%clk 0:28:15]} 25. Rh1 {[%clk 1:16:29]} a5
{[%clk 0:19:18]} 26. Rxh4 {[%clk 1:09:11]} Bxh4 {[%clk 0:19:47]} 27. f4
{[%clk 1:09:21]} Bg3 {[%clk 0:19:18]} 28. Rh1 {[%clk 0:57:16]} Bxf4
{[%clk 0:15:26]} 29. Nd6 {[%clk 0:56:53]} Qb4 {[%clk 0:13:01]} 30. Qxb4
{[%clk 0:52:50]} axb4 {[%clk 0:13:11]} 31. Nf7 {[%clk 0:52:13]} d3
{[%clk 0:12:08]} 32. Bb3 {[%clk 0:51:37]} Nxe5 {[%clk 0:11:35]} 33. Nxe5
{[%clk 0:51:35]} Rxe5 {[%clk 0:11:57]} 34. Rd1 {[%clk 0:51:35]} Rc5
{[%clk 0:11:21]} 35. a3 {[%clk 0:51:37]} d2 {[%clk 0:10:39]} 36. axb4
{[%clk 0:48:32]} Rc1+ {[%clk 0:11:07]} 37. Ka2 {[%clk 0:48:09]} g5
{[%clk 0:11:35]} 0-1